| 000 | 00833nas a2200265 4500 | ||
|---|---|---|---|
| 001 | BR2019001430 | ||
| 003 | BR-BrBNA | ||
| 005 | 20231205131920.0 | ||
| 007 | ta | ||
| 008 | 230509b bl.|||p| |||| 00| 00por d | ||
| 040 |
_aBR-BrBNA _bpor _cBiblioteca Nacional de Agricultura |
||
| 041 | _a(Pt) | ||
| 072 | _aF63; N20 | ||
| 100 | 1 | _aSoria, S. de J. | |
| 245 | 1 | _aIndução da produção em cacaueiro com uso de atomizador motorizado portátil na Bahia, Brasil | |
| 650 | _aPOLINIZAÇÃO ARTIFICIAL | ||
| 650 | _aINDUÇÃO | ||
| 650 | _aATOMIZADOR | ||
| 650 | _aPRODUÇÃO VEGETAL | ||
| 650 | _aCACAU | ||
| 773 | 0 |
_tRevista Theobroma (Brazil) _xISSN 0370-7962 _g(Apr-Jun 1974), v. 4(2) p. 3-13 _wBR2019001430 |
|
| 856 | 4 | 0 | _dLink DSPACE/MAPA BR2019001430 |
| 909 |
_a202311 _bLúcia _c55 _dLúcia Elande |
||
| 942 |
_2AGRIS _n0 _cANA |
||
| 999 |
_c257452 _d257452 |
||